England or Ireland? - Statistics

General Stats
  • This quiz has been taken 51 times
  • The average score is 14 of 15
Answer Stats
Question Answer % Correct
Which one has a larger population? England
100%
Which one is larger in size than the other? England
100%
Which one has a higher murder rate? (2016) England
100%
Which one was the birthplace of Harry Styles? England
100%
Which one has a town called "Warrington"? England
100%
Which one has the higher divorce rate? England
100%
Which one has a region called "Munster"? Ireland
100%
Which one has a town called "Drogheda"? Ireland
100%
Which one has a higher life expectancy? Ireland
100%
Which one has a higher GDP per capita? Ireland
100%
Which one has a county called "Meath" Ireland
100%
Which one has the Blarney Stone? Ireland
100%
Which one has the highest point? Ireland
50%
Which one manufactures 80% of the worlds Viagra? Ireland
50%
Which one has the longest river? Ireland
50%
No matching quizzes found
Score Distribution
Percent of People with Each Score
Percentile by Number Answered
Your Score History
You have not taken this quiz